000 00980nam a2200253Ia 4500
003 OSt
005 20221005112300.0
006 a|||||r|||| 00| 0
007 ta
008 221004b |||||||| |||| 00| 0 pan d
020 _a9788178564708 (hbk)
_c200.00
024 _a33122
037 _b785, 27/02/2017, H.K. Prakashan
_cTextual
040 _aCRL
_cCRL
_bpan
041 _2pan
_apan
082 _aO153,1JPI:g, Q6
100 _aਰੰਧਾਵਾ, ਬਲਜੀਤ, ਂਚ.
245 0 _aਇਬਰਾ ਕਿੱਸਾ ਮਿਰਗ਼ਾ ਸਾਹਿਬਾਂ
_b ਪਾਠ ਅਤੇ ਸਮੀਖਿਆਂ
260 _aਅੰਮ੍ਰਿਤਸਰ
_bਵਾਰਿਸ Fਾਹ ਖ਼ਾਉ੍ਵਡੇFਨ ਭਾਰਤ
_c2016
300 _a112ਪ੍ਰ0
_ccm.
650 _a ਪੰਜਾਬੀ ਕਾਵਿ
942 _hO153,1JPI:g, Q6
_cTEXL
_2cc
999 _c1024407
_d1024407